000 00451nam a2200181Ia 4500
003 GCL
008 140319s9999 xx 000 0 eng d
040 _aGCL /
_cGCL
082 0 4 _a823
_bD G
100 1 _aDICKENS, CHARLES
245 1 0 _aGREAT EXPECTATIONS /
_cDICKENS, CHARLES
260 _a[S.N] :
_bYORK PRESS ،
_c1983
300 _a478 PP
650 0 4 _aENGLISH LITERATURE
650 0 4 _aENGLISH FICTION
650 0 4 _aFICTION
942 _2ddc
_cBK
999 _c18161
_d18161